| 000 | 00956nab a2200217 i 4500 | ||
|---|---|---|---|
| 001 | 768714001 | ||
| 003 | CO-MdFUSB | ||
| 005 | 20240506115404.0 | ||
| 008 | 240502t1966 sp ||||| |||| 00| 0 spa d | ||
| 040 |
_bspa _cCO-MdFUSB _dCO-MdFUSB |
||
| 041 | _aspa | ||
| 100 |
_aIserloh, Erwin, _eautor |
||
| 245 |
_aLutero visto hoy por los católicos _c/ Erwin Iserloh |
||
| 520 | _aEste artículo su tema principal es Lutero, además de mencionar su personalidad polifacética, expone los cambios en la concepción católica de la figura de Lutero y su nueva imagen en el catolicismo. | ||
| 650 | 0 |
_a Ecumenismo _xHistoria _91146 |
|
| 650 | 7 |
_aHistoria _xAspectos religiosos _xIglesia Católica _97033 |
|
| 653 | _aLutero | ||
| 773 | 0 |
_049450 _982572 _oR2504 _tRevista internacional de teología Concilium _w(CO-MdFUSB)8 _x0210-1041 _gNúmero 14, (abril, 1966), páginas: 477 - 488 _qpágina: 477 |
|
| 942 | _cANA | ||
| 945 | _aCatherine Arias Álvarez practicante SENA | ||
| 999 |
_c69488 _d69488 |
||